Vincent van Gogh: la obra completa - pintura

Guardat en:
Dades bibliogràfiques
Autor principal: Walther, Ingo F (Autor)
Altres autors: Metzger, Rainer (autor)
Format: Llibre
Idioma:espanyol
Publicat: Colonia Taschen 2012
Matèries:
Etiquetes: Afegir etiqueta
Sense etiquetes, Sigues el primer a etiquetar aquest registre!

MARC

LEADER 00000cam a2200000 a 4500
001 UCF6603
003 CL-VaPUC
008 130509e20120000GW |||||||||||||||||spa|d
020 |a 9783836541206 
082 0 4 |a 759.9492  |b WAL  |2 21 
100 0 |a Walther, Ingo F  |e author  |9 568590 
700 |a Metzger, Rainer  |e autor  |9 568591 
245 1 0 |a Vincent van Gogh: la obra completa - pintura 
300 |a 740 p 
942 |c BK 
945 |d 20130509 00:00:00  |a dcastane 
260 |a Colonia  |b Taschen  |c 2012 
500 |a Primera parte: Etten, abril 1881- París, febrero 1888 
500 |a Segunda parte: Arles, febrero 1888 - Auvers-sur-oise, julio 1890 
650 0 |a Pintura holandesa  |9 267860 
650 7 |a PINTORES HOLANDESES  |2 CL-VaPUC  |9 568592 
650 0 |a Postimpresionismo  |9 407295 
583 |a last modification  |c 20130509 12:56:00  |k Rodrigo Vera 
999 |c 351745  |d 351743 
952 |0 0  |1 0  |4 0  |6 759_949200000000000_WAL_2012  |7 0  |8 A  |9 456060  |a BIBARQ  |b BIBARQ  |d 2019-11-22  |i 4969014  |l 1  |o 759.9492 WAL 2012  |p 4969014  |r 2025-01-20  |s 2023-03-07  |w 2019-11-22  |y BK  |k ARQ